Úloha vlastních nákladů a cen v reprodukčním procesu

Gespeichert in:
Bibliographische Detailangaben
1. Verfasser: Zahradníček, Ivan
Körperschaft: Vysoká škola ekonomická v Praze. Národohospodářská fakulta
Format: Buch
Sprache:Tschechisch
Veröffentlicht: Praha Státní pedagogické nakladatelství 1983
Tags: Tag hinzufügen
Keine Tags, Fügen Sie das erste Tag hinzu!

MARC

LEADER 00000nam a2200000 4500
001 c115600
005 20220317091253.4
041 0 |a cze 
044 |a CZ 
245 1 0 |a Úloha vlastních nákladů a cen v reprodukčním procesu  |c Ivan Zahradníček a kol. 
264 1 |a Praha  |b Státní pedagogické nakladatelství  |c 1983 
300 |a 220 s. 
100 1 |a Zahradníček, Ivan 
710 2 |a Vysoká škola ekonomická v Praze. Národohospodářská fakulta